[Event "Cup Torch Real Estate"]
[Site "masterchessopen.com - Wuxi (China)"]
[Date "2005.05.10"]
[Round "9"]
[White "Wu Shaobin (SIN)"]
[Black "Du Shan (CHN)"]
[Result "1-0"]
[WhiteElo "2510"]
[BlackElo "2399"]

1.d4 d5 2.c4 e6 3.Nf3 f5 4.g3 Nf6 5.Bg2 Be7 6.O-O O-O 7.b3 c6 8.Ba3 Bxa3
9.Nxa3 Qe7 10.Qc1 Nbd7 11.Qb2 b6 12.Rac1 Bb7 13.e3 Rac8 14.b4 Ne4 15.Rfd1 a6
16.c5 b5 17.Nc2 g5 18.Ne5 Nxe5 19.dxe5 g4 20.Nd4 Ng5 21.f4 gxf3 22.Nxf3 Nf7
23.a4 Qc7 24.Ra1 Ra8 25.Bf1 Kh8 26.Ra2 Rg8 27.Rda1 Rae8 28.Kf2 Ng5 29.Nxg5
Rxg5 30.Be2 Reg8 31.Ke1 Qg7 32.axb5 cxb5 33.c6 Bc8 34.Qd4 Qc7 35.Rc1 R5g7
36.Rc5 Rf8 37.Kd2 Rfg8 38.Ra1 Rg5 39.Rc2 R8g7 40.Rf1 R5g6 41.Rf4 Rg5 42.Rh4
Rg8 43.Qc3 Rd8 44.Kd3 Rdg8 45.Kd4 Rd8 46.Qc5 Rg7 47.Rh6 Rg6 48.Rxg6 hxg6 49.h4
Kg7 50.Ra2 Kg8 51.Bxb5 Qh7 52.c7 Rf8 53.Bxa6 {#r} 1-0

[Event "It (open) \"]
[Site "masterchessopen.com - St.Petersburg (Russia)"]
[Date "2005.06.23"]
[Round "6"]
[White "Smirnov Sergei (RUS)"]
[Black "Eltsov Valery (RUS)"]
[Result "1/2-1/2"]
[WhiteElo "2290"]
[BlackElo "2124"]

1.Nf3 f5 2.c4 e6 3.g3 Nf6 4.Bg2 Be7 5.d4 d5 6.O-O O-O 7.b3 c6 8.Ba3 Bxa3
9.Nxa3 Qe7 10.Qc1 Bd7 11.Qb2 Be8 12.Ne5 Nbd7 13.Nd3 Bf7 14.Rac1 Rae8 15.f4 Ne4
16.e3 g5 17.b4 Nd6 18.Ne5 Nxe5 19.fxe5 Nxc4 20.Nxc4 dxc4 21.Rxc4 Rd8 22.b5
cxb5 23.Qxb5 b6 24.Qb3 Rc8 25.Rfc1 Rxc4 26.Qxc4 Rd8 27.Qc7 Kf8 28.Bf3 Be8
29.Qc3 Bd7 30.Bb7 Bb5 31.Bc8 Bd7 32.Ba6 Be8 33.Rf1 Kg7 34.Rc1 Kf8 35.Qb3 Bf7
36.Rc4 Be8 37.Qc3 Kf7 38.g4 fxg4 39.e4 Kg7 40.d5 exd5 41.exd5 Rxd5 42.Rc7 Bd7
43.e6+ Kh6 44.Rxd7 Rxd7 45.exd7 Qxd7 46.Qf6+ Kh5 47.Be2 Qd2 48.Qf7+ Kh6
49.Qe6+ Kg7 50.Qxg4 Qxa2 51.Qxg5+ Kf8 52.Qd8+ Kg7 53.Qe7+ Qf7 54.Qe3 Qg6+
55.Kf2 Qf5+ 56.Bf3 Qc5 {#d} 1/2-1/2

[Event "Tournament \"]
[Site "masterchessopen.com - Suzhou (China)"]
[Date "2006.05.24"]
[Round "8"]
[White "Tan Zhongyi (CHN)"]
[Black "Du Shan (CHN)"]
[Result "1-0"]
[WhiteElo "2276"]
[BlackElo "2399"]

1.d4 d5 2.c4 e6 3.Nf3 f5 4.g3 Nf6 5.Bg2 Be7 6.O-O O-O 7.b3 c6 8.Ba3 Bxa3
9.Nxa3 Qe7 10.Qc1 Bd7 11.Qb2 Be8 12.Nc2 Bh5 13.Nce1 Nbd7 14.Nd3 Rfe8 15.Rfe1
Rad8 16.c5 Ng4 17.b4 e5 18.h3 e4 19.hxg4 fxg4 20.Nfe5 exd3 21.exd3 Qf6 22.Re2
Qf5 23.Nxd7 Qxd7 24.Re5 Bg6 25.Qe2 Qf5 26.Re1 Rxe5 27.dxe5 Qxd3 28.Qxg4 Bf5
29.Qg5 Re8 30.Bf1 Qc2 31.Qf4 Be6 32.Qd4 a6 33.Bd3 Qxa2 34.Ra1 Qb3 35.Rb1 Qa3
36.Ra1 Qb3 37.Kg2 Rf8 38.Rb1 Qa2 39.Rh1 Bf5 40.Bxf5 Rxf5 41.Re1 Rf8 42.e6 Qc4
43.Qe5 d4 44.Re4 Qd5 45.Qxd4 Re8 46.Qxd5 cxd5 47.Re5 g6 48.Kf3 Kg7 49.Rxd5 Kf6
50.Rd7 Re7 51.Kf4 Kxe6 52.Rxe7+ Kxe7 53.Ke5 Kd7 54.g4 g5 55.Kf5 h6 56.Kg6 Kc6
57.Kxh6 Kb5 58.Kxg5 Kxb4 59.f4 a5 60.f5 a4 61.c6 bxc6 62.f6 a3 63.f7 a2
64.f8=Q+ Kb3 65.Qf3+ Kb2 66.Qxc6 {#r} 1-0

[Event "Ch Sweden"]
[Site "masterchessopen.com - Gothenburg (Sweden)"]
[Date "2006.07.10"]
[Round "9"]
[White "Cramling Pia (SWE)"]
[Black "Karlsson Lars (SWE)"]
[Result "1/2-1/2"]
[WhiteElo "2528"]
[BlackElo "2479"]

1.d4 f5 2.g3 Nf6 3.Bg2 e6 4.c4 Be7 5.Nf3 O-O 6.O-O d5 7.b3 c6 8.Ba3 Bxa3
9.Nxa3 Qe7 10.Qc1 b6 11.Nc2 a5 12.Nce1 Nbd7 13.Nd3 Ba6 14.Nfe5 Nxe5 15.Nxe5
Rac8 16.Re1 c5 17.Qa3 dxc4 18.bxc4 Bb7 19.Bxb7 Qxb7 20.Rab1 Qc7 21.e3 Ng4
22.Qb2 cxd4 23.exd4 Nxe5 24.Rxe5 Qxc4 25.Qxb6 Rc6 26.Qa7 Qd3 27.Ree1 f4 28.Rb8
Qf5 29.Rxf8+ Qxf8 30.gxf4 Rd6 31.Rb1 h6 32.Rb8 Rd8 33.Rxd8 Qxd8 34.Qc5 Qd7
35.Qxa5 Qxd4 36.Qe5 Qd1+ 37.Kg2 Qg4+ 38.Kf1 Qd1+ 39.Qe1 Qd5 40.Qe3 Qxa2 41.Kg2
{#d} 1/2-1/2

[Event "Tournament (open) \"]
[Site "masterchessopen.com - Uljanovsk (Russia)"]
[Date "2008.02.01"]
[Round "1"]
[White "Dmitriev Igor (RUS)"]
[Black "Chaplygin Anton (RUS)"]
[Result "1/2-1/2"]
[WhiteElo "2350"]
[BlackElo "1990"]

1.d4 e6 2.g3 f5 3.Bg2 Nf6 4.Nf3 Be7 5.c4 d5 6.O-O c6 7.b3 O-O 8.Ba3 Bxa3
9.Nxa3 Qe7 10.Qc1 Nbd7 11.Qb2 b6 12.Rac1 Bb7 13.Nc2 Rfe8 14.Rfd1 Rac8 15.Nce1
c5 16.e3 Rc7 17.Nd3 Rec8 18.cxd5 Bxd5 19.Nf4 Be4 20.Ng5 Bxg2 21.Kxg2 Nf8
22.Nf3 N8d7 23.Ne5 Nxe5 24.dxe5 Ne8 25.h4 Rd7 26.Qe2 Rcd8 27.Qf3 Nc7 28.Rxd7
Qxd7 29.Kg1 Na6 30.g4 fxg4 31.Qxg4 Nb4 32.a3 Nc6 33.Qxe6+ Qxe6 34.Nxe6 Re8
35.Nf4 Nxe5 36.Kg2 Rd8 {#d} 1/2-1/2

[Event "Memorial Izmailov (open)"]
[Site "masterchessopen.com - Tomsk (Russia)"]
[Date "2008.06.25"]
[Round "1"]
[White "Iskusnyh Sergei (RUS)"]
[Black "Egorov Zakhar (RUS)"]
[Result "1-0"]
[WhiteElo "2467"]
[BlackElo "2151"]

1.d4 f5 2.g3 Nf6 3.c4 e6 4.Bg2 Be7 5.Nf3 d5 6.O-O O-O 7.b3 c6 8.Ba3 Bxa3
9.Nxa3 Qe7 10.Qc1 Nbd7 11.Qb2 Ne4 12.Nc2 b6 13.Nce1 Bb7 14.Nd3 c5 15.Rac1 dxc4
16.Rxc4 Rfd8 17.Rfc1 Rac8 18.R4c2 cxd4 19.Rxc8 Rxc8 20.Rxc8+ Bxc8 21.Qxd4 Ba6
22.Nfe5 Nxe5 23.Nxe5 Qc7 24.Bxe4 fxe4 25.Qxe4 Bb7 26.Qf4 h6 27.f3 Ba6 28.Kf2
Qc5+ 29.Qe3 Qd5 30.h4 Bc8 31.h5 Qd1 32.Qf4 Ba6 33.Qf7+ Kh7 34.Qg6+ Kg8
35.Qxe6+ Kh7 36.Qg6+ {#r} 1-0

[Event "Ch France (open) (a)"]
[Site "masterchessopen.com - Pau (France)"]
[Date "2008.08.15"]
[Round "4"]
[White "Lamard Guillaume (FRA)"]
[Black "Donskoi Karel (FRA)"]
[Result "1/2-1/2"]
[WhiteElo "2036"]
[BlackElo "2063"]

1.d4 e6 2.c4 f5 3.g3 Nf6 4.Nf3 Be7 5.Bg2 d5 6.O-O c6 7.b3 O-O 8.Ba3 Bxa3
9.Nxa3 Qe7 10.Qc1 Nbd7 11.Qb2 Ne4 12.Nc2 g5 13.Nce1 g4 14.Nd2 Qg5 15.Nxe4 fxe4
16.f3 Nf6 17.Qc1 Qg6 18.Qe3 gxf3 19.exf3 Bd7 20.fxe4 Ng4 21.Qe2 Rxf1+ 22.Bxf1
dxe4 23.Bg2 e5 24.Bxe4 Qh6 25.dxe5 Nxh2 26.Nd3 Ng4 27.Nc5 Nxe5 28.Bxh7+ Kxh7
29.Qxe5 Re8 30.Qf4 Qxf4 31.gxf4 Bc8 32.Kf2 b6 33.Nd3 Kg7 34.b4 Re4 35.Rc1 Ba6
36.Ne5 Rxf4+ 37.Ke3 Rh4 38.Nxc6 Rxc4 39.Rxc4 Bxc4 40.a4 a6 41.Kd4 Bb3 42.a5
bxa5 43.bxa5 Bd1 44.Kc5 Kf6 45.Kb6 Be2 46.Nb4 Ke7 47.Nxa6 Kd7 48.Nb8+ {#d}
1/2-1/2

[Event "Czech League 2008/09 (1st) East"]
[Site "masterchessopen.com - Czech Republic"]
[Date "2009.03.29"]
[Round "11"]
[White "Kubos Rostislav (CZE)"]
[Black "Senkyr Vladimir (CZE)"]
[Result "1/2-1/2"]
[WhiteElo "2207"]
[BlackElo "2182"]

1.c4 e6 2.Nf3 f5 3.g3 Nf6 4.Bg2 Be7 5.O-O O-O 6.d4 d5 7.b3 c6 8.Ba3 Bxa3
9.Nxa3 Qe7 10.Qc1 Bd7 11.Qb2 Be8 12.Rac1 Bh5 13.b4 a6 14.Nb1 Nbd7 15.a3 Rfe8
16.Ne5 Rec8 17.Rfe1 b5 18.c5 Nxe5 19.dxe5 Nd7 20.Nd2 a5 21.Nb3 {#d} 1/2-1/2

[Event "It (open)"]
[Site "masterchessopen.com - Mislata (Spain)"]
[Date "2009.08.29"]
[Round "8"]
[White "Vassallo Mauricio (ESP)"]
[Black "Garcia Molla Victor (ESP)"]
[Result "0-1"]
[WhiteElo "2409"]
[BlackElo "2328"]

1.Nf3 e6 2.g3 f5 3.Bg2 Nf6 4.O-O Be7 5.d4 O-O 6.b3 d5 7.c4 c6 8.Ba3 Bxa3
9.Nxa3 Qe7 10.Qc1 b6 11.Nc2 Nbd7 12.Nce1 Bb7 13.Nd3 a5 14.Qb2 Ne4 15.Rac1 Rfc8
16.Nfe5 Nxe5 17.Nxe5 c5 18.e3 a4 19.bxa4 Rxa4 20.cxd5 Bxd5 21.f3 Rxa2 22.Qxb6
Nd2 23.Rf2 c4 24.e4 Qa3 25.exd5 Qxc1+ 26.Rf1 Nxf3+ 27.Bxf3 Qe3+ 28.Kh1 Qh6
29.Bg2 c3 30.d6 Qd2 31.Rg1 c2 {#R} 0-1

[Event "Ch Europe (seniors)"]
[Site "masterchessopen.com - Thessaloniki (Greece)"]
[Date "2010.04.11"]
[Round "2"]
[White "Shvedchikov Anatoli I (RUS)"]
[Black "Gundersen Helge (NOR)"]
[Result "1-0"]
[WhiteElo "2421"]
[BlackElo "2230"]

1.c4 e6 2.Nf3 f5 3.g3 Nf6 4.Bg2 Be7 5.d4 d5 6.O-O c6 7.b3 O-O 8.Ba3 Bxa3
9.Nxa3 Qe7 10.Qc1 Nbd7 11.Qb2 b6 12.Rac1 Bb7 13.Rfd1 Rac8 14.e3 c5 15.dxc5
Rxc5 16.cxd5 Bxd5 17.Nd4 Bxg2 18.Kxg2 Ne5 19.Nc4 Qb7+ 20.Kg1 Nfg4 21.h3 Nxc4
22.bxc4 Ne5 23.Nxe6 Nf3+ 24.Kf1 Nh2+ 25.Ke1 Rcc8 26.Nxf8 Qg2 27.Qb3 Qf1+
28.Kd2 Qxf2+ 29.Kd3 Kxf8 30.c5 Nf1 31.Rxf1 Rd8+ 32.Kc4 Qe2+ 33.Kb4 a5+ 34.Ka3
Rd3 35.Rxf5+ {#r} 1-0

[Event "Tournament (open)"]
[Site "masterchessopen.com - Salou (Spain)"]
[Date "2010.06.15"]
[Round "3"]
[White "Coves Sepulcre Laureano (ESP)"]
[Black "Garcia Andrinal Antonio (ESP)"]
[Result "1-0"]
[WhiteElo "1905"]
[BlackElo "1748"]

1.c4 e6 2.Nf3 f5 3.g3 Nf6 4.Bg2 Be7 5.d4 d5 6.O-O O-O 7.b3 c6 8.Ba3 Bxa3
9.Nxa3 Qe7 10.Qc1 Nbd7 11.Rd1 Ne4 12.Qb2 Ndf6 13.Ne5 Bd7 14.f3 Nd6 15.b4 Nf7
16.Nd3 dxc4 17.Nxc4 Nd5 18.e4 fxe4 19.fxe4 Nf6 20.a4 b5 21.axb5 cxb5 22.Nce5
Bc8 23.Nxf7 Qxf7 24.Nc5 Qe7 25.Qb3 Kh8 26.e5 Nd5 27.Bxd5 exd5 28.Qxd5 Bh3
29.Qe4 Qf7 30.Nd3 Bf5 31.Qe3 Bxd3 32.Rxd3 Qd5 33.Re1 Rac8 34.Qe4 Qf7 35.Qe2
Qe6 36.d5 Qe7 37.d6 Qe6 38.Qd2 Rcd8 39.Qe3 Rf7 40.Qe4 Kg8 41.Qd5 Qf5 42.Rd2
Re8 43.d7 Rd8 44.e6 Qxd5 45.Rxd5 Re7 46.Kf2 Rf8+ 47.Kg2 Rd8 48.Rde5 g6 49.g4
a6 50.Kg3 Kg7 51.g5 Kg8 52.Kf4 Kg7 53.Ke4 {#r} 1-0

[Event "Ch Bulgaria (team) (Gr.A)"]
[Site "masterchessopen.com - Sunny Beach (Bulgaria)"]
[Date "2012.09.25"]
[Round "7"]
[White "Todorov Ognjan (BUL)"]
[Black "Radulov Ivan (BUL)"]
[Result "1/2-1/2"]
[WhiteElo "2285"]
[BlackElo "2294"]

1.d4 f5 2.g3 Nf6 3.Bg2 e6 4.Nf3 Be7 5.c4 d5 6.O-O O-O 7.b3 c6 8.Ba3 Bxa3
9.Nxa3 Qe7 10.Qc1 Nbd7 11.Qb2 a5 12.Nc2 b5 13.c5 Bb7 14.Nce1 g6 15.Nd3 Rfe8
16.Rfe1 Qg7 17.Rac1 g5 18.Nde5 {#d} 1/2-1/2